Tìm hiểu tình hình trồng, khai thác và bảo vệ rừng ở lâm trường Hương Khê, tỉnh Hà Tĩnh và một số đề xuất

Cơ sở lí luận và thực tiễn của đề tài. Tình hình trồng, khai thác và bảo vệ rừng của lâm trường Hương Khê - Hà Tĩnh. Một số đề xuất trong việc bảo vệ và sử dụng hợp lí vốn rừng ở lâm trường Hương Khê

Salvato in:
Dettagli Bibliografici
Autore principale: Nguyễn, Thị Quỳnh Lan
Altri autori: Hồ, Phong Th.S (Hướng dẫn)
Natura: Libro
Lingua:Vietnamese
Pubblicazione: Đại học Đà Nẵng Trường đại học Sư Phạm 2008
Serie:Khóa luận tốt nghiệp Đại học. Chuyên ngành: Sư phạm địa lí
Soggetti:
Tags: Aggiungi Tag
Nessun Tag, puoi essere il primo ad aggiungerne! !
Thư viện lưu trữ: Mạng thư viện Đại học Đà Nẵng
LEADER 01685nam a2200349 4500
001 000011066
003 7294
005 20120201140241.0
008 120201s2008 viesd
041 |a vie 
072 |a Khóa luận tốt nghiệp 
082 |a 634.956  |b NG-L 
100 |a Nguyễn, Thị Quỳnh Lan 
245 |a Tìm hiểu tình hình trồng, khai thác và bảo vệ rừng ở lâm trường Hương Khê, tỉnh Hà Tĩnh và một số đề xuất  |c Nguyễn, Thị Quỳnh Lan 
260 |a Đại học Đà Nẵng  |b Trường đại học Sư Phạm  |c 2008 
300 |a 71 tr.  |b Bản đồ + ảnh minh họa  |c 29 cm 
490 |a Khóa luận tốt nghiệp Đại học. Chuyên ngành: Sư phạm địa lí 
500 |a Tham khảo cuối bài 
520 |a Cơ sở lí luận và thực tiễn của đề tài. Tình hình trồng, khai thác và bảo vệ rừng của lâm trường Hương Khê - Hà Tĩnh. Một số đề xuất trong việc bảo vệ và sử dụng hợp lí vốn rừng ở lâm trường Hương Khê 
653 |a Khóa luận tốt nghiệp đại học 
653 |a Khoa Địa lí 
700 |a Hồ, Phong  |c Th.S  |e Hướng dẫn 
OWN |a LSP 
AVA |a UDN50  |b LSP  |d 634.956 NG-L  |e available  |t Error 5001 Not defined in file expand_doc_bib_avail.  |f 1  |g 0  |h N  |i 0  |k 1 
999 |a From the UDN01 
AVA |a UDN50  |b LSP  |d 634.956 NG-L  |e available  |t Error 5001 Not defined in file expand_doc_bib_avail.  |f 1  |g 0  |h N  |i 0  |k 1 
TYP |a Monograph 
TYP |a Printed language 
980 |a Mạng thư viện Đại học Đà Nẵng